[Event "Team BG11 chess final 2018"]
[Site "Sochi"]
[Date "2018.05.08"]
[Round "7.3"]
[White "Khusneeva, Alina"]
[Black "Pershin, Patrik"]
[Result "0-1"]
[WhiteElo "1257"]
[BlackElo "1602"]
[PlyCount "118"]
[EventDate "2018.05.01"]

1. e4 c6 2. Nc3 d5 3. Nf3 Bg4 4. h3 Bxf3 5. Qxf3 e6 6. d3 Nf6 7. Bd2 Nbd7 8. g4
g6 9. Bg2 Bg7 10. O-O-O dxe4 11. dxe4 Qb6 12. Qg3 Nc5 13. e5 Nd5 14. f4 h5 15.
g5 Ne7 16. h4 Nf5 17. Qe1 O-O-O 18. Kb1 Rd7 19. a3 Rhd8 20. Ka2 a5 21. Rh2 Bf8
22. Bh1 Qa6 23. Kb1 Nd4 24. Rh3 Qc4 25. Qf1 Qxf1 26. Rxf1 Nxc2 27. Kxc2 Rxd2+
28. Kc1 Nb3+ 29. Kb1 R2d4 30. Ka2 Nc5 31. Kb1 Kc7 32. Bg2 b5 33. Rc1 Kb6 34.
Ne2 Rd2 35. Bf1 Nd3 36. Rc3 Nxb2 37. Nc1 Na4 38. Rb3 Nc5 39. Rbc3 Rf2 40. Rh1
Ne4 41. Rc2 Nd2+ 42. Kb2 Rxf1 43. Rxf1 Nxf1 44. Kb1 Ne3 45. Re2 Nc4 46. Nb3 a4
47. Nc1 Nxa3+ 48. Kb2 Nc4+ 49. Kb1 b4 50. Rc2 Na3+ 51. Kb2 Nxc2 52. Kxc2 b3+
53. Kb2 Rd2+ 54. Kb1 Bc5 55. Nxb3 axb3 56. Kc1 Bb4 57. Kb1 Bc3 58. Kc1 b2+ 59.
Kb1 Rd1+ 0-1

[Event "Team BG11 chess final 2018"]
[Site "Sochi"]
[Date "2018.05.09"]
[Round "8.1"]
[White "Gubarev, Vladislav"]
[Black "Kolesov, Gordey"]
[Result "1-0"]
[WhiteElo "1470"]
[BlackElo "1825"]
[PlyCount "121"]
[EventDate "2018.05.01"]

1. d4 Nf6 2. c4 e6 3. Nc3 Bb4 4. e3 O-O 5. Nge2 Re8 6. a3 Bf8 7. g3 d5 8. cxd5
exd5 9. Bg2 c6 10. O-O Bf5 11. Bd2 Nbd7 12. Na2 a5 13. Nf4 Qb6 14. b4 a4 15.
Nc3 Qa7 16. h3 h6 17. b5 Nb6 18. g4 Bh7 19. h4 Ne4 20. Nxe4 Bxe4 21. Bxe4 Rxe4
22. g5 hxg5 23. hxg5 g6 24. Bb4 Bxb4 25. axb4 Kg7 26. Kg2 Rh8 27. Rh1 Ree8 28.
Qf3 Qb8 29. Nxg6 Qd8 30. Nxh8 Qxg5+ 31. Qg3 Qxg3+ 32. Kxg3 Rxh8 33. bxc6 bxc6
34. Rxh8 Kxh8 35. Kf4 Kg7 36. e4 Kf6 37. Rc1 Nc4 38. exd5 cxd5 39. b5 Ke7 40.
Rb1 Nb6 41. Ke5 a3 42. Kf5 Kf8 43. f3 Ke7 44. Ke5 f6+ 45. Kf5 Kf7 46. f4 Nc4
47. Kg4 Ne3+ 48. Kf3 Nc2 49. b6 a2 50. Rd1 Nxd4+ 51. Ke3 Nc2+ 52. Kf2 Nb4 53.
b7 Nc6 54. Ra1 Ke7 55. Rxa2 Kd7 56. Rc2 Nb8 57. Rc8 Na6 58. Ra8 Nb8 59. Rxb8
Kc7 60. Rf8 Kxb7 61. Rxf6 1-0

[Event "Team BG11 chess final 2018"]
[Site "Sochi"]
[Date "2018.05.09"]
[Round "8.2"]
[White "Iakushkov, Pavel"]
[Black "Karasov, Islam"]
[Result "1-0"]
[WhiteElo "1554"]
[BlackElo "1056"]
[PlyCount "95"]
[EventDate "2018.05.01"]

1. d4 g6 2. e4 e6 3. Nc3 Bg7 4. Nf3 Ne7 5. Bd3 Nbc6 6. Be2 a6 7. a4 a5 8. O-O
O-O 9. d5 Ne5 10. Nxe5 Bxe5 11. Bh6 Bg7 12. Bxg7 Kxg7 13. d6 Ng8 14. e5 f6 15.
f4 f5 16. Kh1 c6 17. Bd3 b6 18. Qe2 Kh8 19. Nb1 Rf7 20. c3 Rg7 21. b4 axb4 22.
cxb4 Ra7 23. Nd2 Bb7 24. Qf2 Ba6 25. b5 Bb7 26. bxc6 Bxc6 27. Bb5 Ra5 28. Bxc6
dxc6 29. Rfc1 c5 30. Nc4 Ra6 31. Rcb1 Rga7 32. h3 Rb7 33. a5 Qa8 34. Qg1 b5 35.
Nb6 Qa7 36. Qxc5 Rxa5 37. Rxa5 Qxa5 38. Qxb5 Qxb5 39. Rxb5 Rb8 40. d7 Rd8 41.
Rc5 Nh6 42. Rc8 Nf7 43. Na4 Kg7 44. Nc5 Kh6 45. Kh2 Kh5 46. Kg3 h6 47. Nxe6
Rxd7 48. Ng7# 1-0

[Event "Team BG11 chess final 2018"]
[Site "Sochi"]
[Date "2018.05.09"]
[Round "8.3"]
[White "Rodionov, Mihail"]
[Black "Pershin, Patrik"]
[Result "0-1"]
[WhiteElo "1293"]
[BlackElo "1602"]
[PlyCount "98"]
[EventDate "2018.05.01"]

1. d4 d5 2. f4 Nf6 3. Nf3 Bf5 4. e3 e6 5. Bd3 c5 6. Bxf5 exf5 7. c3 Nc6 8. O-O
Bd6 9. Nbd2 O-O 10. b3 Re8 11. Ne5 g6 12. Ndf3 Ne4 13. Bb2 cxd4 14. cxd4 f6 15.
Nxc6 bxc6 16. Qe2 Qb6 17. Rfc1 Rec8 18. Rc2 a5 19. Bc1 Ra7 20. Kh1 Re7 21. g3
Rec7 22. Kg2 Qb5 23. Qxb5 cxb5 24. Rxc7 Rxc7 25. a3 Rc2+ 26. Kg1 Kf7 27. Rb1
Nc3 28. Ra1 Rxc1+ 29. Rxc1 Ne2+ 30. Kf2 Nxc1 31. a4 bxa4 32. bxa4 Bb4 33. Ne1
Bxe1+ 34. Kxe1 Nd3+ 35. Kd2 Nb2 36. Kc3 Nxa4+ 37. Kb3 Nb6 38. h3 h5 39. h4 Nc4
40. Ka4 Ke6 41. Kb5 Kd6 42. Ka4 Kc6 43. Kb3 Nxe3 44. Ka4 Kb6 45. Ka3 Nc2+ 46.
Ka4 Nxd4 47. Ka3 Nf3 48. g4 hxg4 49. h5 gxh5 0-1

[Event "Team BG11 chess final 2018"]
[Site "Sochi"]
[Date "2018.05.09"]
[Round "8.4"]
[White "Kondrashev, Kirill"]
[Black "Nikolaev, Artemiy"]
[Result "1-0"]
[WhiteElo "1575"]
[BlackElo "1297"]
[PlyCount "109"]
[EventDate "2018.05.01"]

1. e4 c5 2. Nf3 Nc6 3. d4 cxd4 4. Nxd4 g6 5. c4 Bg7 6. Be3 Nf6 7. Nc3 O-O 8.
Be2 d6 9. O-O Bd7 10. f3 Nxd4 11. Bxd4 Bc6 12. b4 a6 13. Qd2 Rc8 14. b5 Bd7 15.
Na4 Be6 16. Nb6 Rc7 17. Rac1 Nd7 18. Bxg7 Kxg7 19. Nxd7 Rxd7 20. f4 f5 21. Qb2+
Kg8 22. exf5 Qb6+ 23. c5 dxc5 24. fxe6 Rd4 25. Rcd1 Qxe6 26. Rxd4 cxd4 27. Qb3
Qxb3 28. axb3 axb5 29. Bxb5 Rd8 30. Rd1 Kf7 31. Kf2 Kf6 32. Kf3 e5 33. Ke4 exf4
34. Kxf4 Rd5 35. Bc4 Rf5+ 36. Ke4 Rf2 37. Rf1 Rxf1 38. Bxf1 h6 39. Kxd4 Kf5 40.
g3 Kg4 41. Bg2 b6 42. Kc4 h5 43. Kb5 h4 44. gxh4 Kxh4 45. Kxb6 Kg4 46. Kc5 Kf4
47. b4 Ke3 48. b5 Kf2 49. Be4 g5 50. b6 g4 51. Bf5 g3 52. hxg3 Kxg3 53. b7 Kf4
54. Bd7 Kg5 55. b8=Q 1-0

[Event "Team BG11 chess final 2018"]
[Site "Sochi"]
[Date "2018.05.09"]
[Round "8.1"]
[White "Yaurov, Egor"]
[Black "Sirotkina, Elizaveta"]
[Result "1-0"]
[WhiteElo "1921"]
[BlackElo "1154"]
[PlyCount "109"]
[EventDate "2018.05.01"]

1. d4 d5 2. Bg5 g6 3. e3 Bg7 4. Nf3 Nf6 5. Bd3 O-O 6. Nbd2 Nbd7 7. O-O c5 8. c3
b6 9. Re1 Bb7 10. Qc2 cxd4 11. exd4 e6 12. Ne5 Qc7 13. f4 Rac8 14. Re3 Nxe5 15.
fxe5 Nd7 16. Rf1 f6 17. exf6 Nxf6 18. Rh3 Nh5 19. Rxf8+ Rxf8 20. Rxh5 gxh5 21.
Bxh7+ Kh8 22. Bg6 Bxd4+ 23. cxd4 Qxc2 24. Bxc2 Kg7 25. Nf3 Ba6 26. h4 Rc8 27.
Bb1 Rf8 28. Kf2 Bb5 29. Ke3 Be8 30. Bd3 Bg6 31. Ba6 Rb8 32. Bf4 Rg8 33. Ng5 Bf5
34. a3 Bg4 35. g3 Bf5 36. Kd2 Kf6 37. Kc3 Ke7 38. Kb4 Bg4 39. Bb7 Be2 40. Kc3
Bg4 41. Ba6 Bf5 42. Nf3 Kd8 43. Ne5 Kc7 44. Be2 Kb7 45. Bxh5 Rc8+ 46. Kb3 Bc2+
47. Ka2 Ba4 48. Bg6 Bd1 49. h5 Rh8 50. h6 Be2 51. h7 Bc4+ 52. Nxc4 dxc4 53. Be5
Rxh7 54. Bxh7 Kc6 55. g4 1-0

[Event "Team BG11 chess final 2018"]
[Site "Sochi"]
[Date "2018.05.09"]
[Round "8.2"]
[White "Maltseva, Aleksandra"]
[Black "Fomin, Nikita"]
[Result "0-1"]
[WhiteElo "1153"]
[BlackElo "1565"]
[PlyCount "104"]
[EventDate "2018.05.01"]

1. e4 e5 2. Nf3 Nc6 3. Bb5 Nge7 4. d4 exd4 5. Nxd4 g6 6. Nxc6 Nxc6 7. Bxc6 bxc6
8. Qd4 f6 9. Bf4 Bg7 10. O-O O-O 11. Nc3 Kh8 12. Qc5 Bb7 13. Qb4 Rb8 14. Qa5 d6
15. Qxa7 c5 16. Qa4 Ra8 17. Qb3 Rb8 18. Qa4 Ba8 19. Qa3 Rb4 20. Rae1 f5 21. f3
Qb8 22. Bc1 fxe4 23. fxe4 Rxf1+ 24. Kxf1 Bd4 25. Be3 Rxb2 26. Bxd4+ cxd4 27.
Ne2 Rxc2 28. Nxd4 Qf8+ 29. Nf3 Bc6 30. Qd3 Rc5 31. Kg1 Qf6 32. Qb3 Kg7 33. Rf1
Bxe4 34. Qe3 Bxf3 35. Rxf3 Qe5 36. Qd3 Rc1+ 37. Rf1 Qc5+ 38. Kh1 Rxf1+ 39. Qxf1
Qa3 40. Qc4 c5 41. h3 Qb4 42. Qd5 Qf4 43. Qb7+ Kh6 44. Qb3 c4 45. Qc3 Qf1+ 46.
Kh2 Qd3 47. Qe1 Qd4 48. a4 c3 49. a5 Qf4+ 50. Kh1 c2 51. a6 c1=Q 52. Qxc1 Qxc1+
0-1

[Event "Team BG11 chess final 2018"]
[Site "Sochi"]
[Date "2018.05.09"]
[Round "8.3"]
[White "Tetyuev, Stepan"]
[Black "Khusneeva, Alina"]
[Result "1-0"]
[WhiteElo "1376"]
[BlackElo "1257"]
[PlyCount "67"]
[EventDate "2018.05.01"]

1. e4 c5 2. Nf3 e6 3. d4 cxd4 4. Nxd4 Nf6 5. Nc3 d6 6. Be2 Nc6 7. Be3 Be7 8.
O-O O-O 9. f4 a6 10. Kh1 Qc7 11. Bf3 Rb8 12. Qe1 Re8 13. Rd1 Nxd4 14. Bxd4 e5
15. fxe5 dxe5 16. Be3 b5 17. Bg5 b4 18. Ne2 Qxc2 19. Rd2 Qc4 20. b3 Qc5 21. Ng3
h6 22. Bxf6 Bxf6 23. Nf5 Qc6 24. Rd6 Qc7 25. Rxf6 Bxf5 26. Rxf5 Rf8 27. Be2 Rb6
28. Bc4 Rf6 29. Rxf6 gxf6 30. Qg3+ Kh7 31. Rxf6 a5 32. Qh4 a4 33. Qxh6+ Kg8 34.
Rg6# 1-0

[Event "Team BG11 chess final 2018"]
[Site "Sochi"]
[Date "2018.05.09"]
[Round "8.1"]
[White "Akhmedov, David"]
[Black "Shvedova, Alexandra"]
[Result "0-1"]
[WhiteElo "1433"]
[BlackElo "1691"]
[PlyCount "102"]
[EventDate "2018.05.01"]

1. e4 c5 2. d3 Nc6 3. Nf3 g6 4. g3 Bg7 5. Bg2 d6 6. O-O e5 7. c3 Nge7 8. a3 O-O
9. b4 a6 10. Be3 b6 11. Nbd2 h6 12. Nc4 Be6 13. Rc1 f5 14. Qe2 f4 15. Bd2 g5
16. h3 b5 17. Nb2 Qd7 18. g4 Bf6 19. Kh2 Kg7 20. Ne1 Rh8 21. Bf3 h5 22. Rg1
hxg4 23. Bxg4 Rh6 24. Kg2 Rah8 25. Bxe6 Qxe6 26. Qg4 Kf7 27. Qxe6+ Kxe6 28.
bxc5 dxc5 29. c4 Nd4 30. Kf1 Nb3 31. Rc2 Rxh3 32. cxb5 axb5 33. Bc1 Nc6 34. Rc3
Ncd4 35. Nd1 f3 36. Rxb3 Nxb3 37. Be3 Nd4 38. Bxd4 exd4 39. Nb2 Ke5 40. a4 bxa4
41. Nxa4 Be7 42. Nb6 Bd8 43. Nc4+ Kf4 44. Nc2 g4 45. Nd6 Bh4 46. e5 Bxf2 47.
Kxf2 Rh2+ 48. Kf1 Rxc2 49. Rxg4+ Kxg4 50. Kg1 Ra8 51. Ne4 Ra1# 0-1

[Event "Team BG11 chess final 2018"]
[Site "Sochi"]
[Date "2018.05.09"]
[Round "8.2"]
[White "Fedorova, Olesya"]
[Black "Lebedev, Artem S"]
[Result "1-0"]
[WhiteElo "1455"]
[BlackElo "1333"]
[PlyCount "105"]
[EventDate "2018.05.01"]

1. e4 e5 2. Nc3 Nf6 3. f4 d5 4. fxe5 Nxe4 5. Qf3 Nxc3 6. dxc3 Nc6 7. Bf4 Bc5 8.
O-O-O Be6 9. Qg3 Qd7 10. Qxg7 O-O-O 11. Nf3 Rdg8 12. Qh6 Rg6 13. Qh5 Bf2 14. h3
f5 15. Nd4 Bxd4 16. cxd4 Nb4 17. a3 Nc6 18. Qf3 Rhg8 19. g3 Bf7 20. Bb5 h5 21.
h4 Rg4 22. Qc3 a6 23. Ba4 Qe6 24. Rhe1 R8g6 25. Qd3 Na5 26. c3 Rg8 27. Bc2 Bg6
28. Rd2 Nc4 29. Rf2 Bh7 30. Bd1 R4g7 31. Bxh5 b5 32. Bf3 Re7 33. Rh2 Rxg3 34.
Bxg3 f4 35. Qe2 fxg3 36. Rg2 Qf5 37. Bg4 Qxg4 38. Qxg4+ Kb7 39. Rxg3 Rf7 40.
Rf3 Rxf3 41. Qxf3 Be4 42. Qf7 Nb6 43. e6 Nc8 44. e7 Nd6 45. e8=Q Nxf7 46. Qxf7
Kb6 47. h5 c6 48. h6 a5 49. Rxe4 dxe4 50. h7 a4 51. h8=Q b4 52. Qb8+ Ka5 53.
Qfa7# 1-0

[Event "Team BG11 chess final 2018"]
[Site "Sochi"]
[Date "2018.05.09"]
[Round "8.3"]
[White "Kotelnikov, Matvei"]
[Black "Novikova, Daria"]
[Result "1-0"]
[WhiteElo "1231"]
[BlackElo "1380"]
[PlyCount "71"]
[EventDate "2018.05.01"]

1. e4 c5 2. f4 e6 3. Nf3 d5 4. Bb5+ Bd7 5. Bxd7+ Nxd7 6. d3 Ne7 7. O-O g6 8. c3
Bg7 9. Na3 a6 10. Qe1 O-O 11. g4 Re8 12. Qg3 Qc7 13. h4 Kh8 14. Rf2 Rg8 15. Ng5
Raf8 16. Qh3 Bh6 17. Be3 Qc6 18. Raf1 Rg7 19. e5 Qb6 20. Nf3 Rgg8 21. g5 Bg7
22. h5 Re8 23. hxg6 fxg6 24. Rh2 Nf8 25. Rff2 Nf5 26. Bc1 Re7 27. Rfg2 h5 28.
gxh6 Bxh6 29. Nh4 Rh7 30. Qg4 Nxh4 31. Rxh4 Qc6 32. Rgh2 Kg7 33. f5 exf5 34.
Bxh6+ Rxh6 35. Qg5 Rhh8 36. Qe7# 1-0

[Event "Team BG11 chess final 2018"]
[Site "Sochi"]
[Date "2018.05.09"]
[Round "8.4"]
[White "Kusakina, Uliana"]
[Black "Kalandia, Eka"]
[Result "1-0"]
[WhiteElo "1346"]
[BlackElo "1167"]
[PlyCount "51"]
[EventDate "2018.05.01"]

1. e4 c5 2. Nf3 e6 3. d4 cxd4 4. Nxd4 a6 5. Bd3 Qc7 6. O-O Nf6 7. c4 Be7 8. Nc3
O-O 9. b3 d6 10. Bb2 Nbd7 11. Qe2 b6 12. Rad1 Bb7 13. Kh1 Rac8 14. f4 Nc5 15.
Bb1 Qb8 16. e5 Ne8 17. Bxh7+ Kxh7 18. Qh5+ Kg8 19. Rf3 Qa8 20. Rg1 f6 21. Rh3
Nc7 22. Qg6 fxe5 23. Rh7 Rf7 24. Qh5 Bxg2+ 25. Rxg2 g6 26. Qxg6+ 1-0

[Event "Team BG11 chess final 2018"]
[Site "Sochi"]
[Date "2018.05.09"]
[Round "8.1"]
[White "Otdelnov, Kirill"]
[Black "Antonov, Vladimir Vl"]
[Result "1-0"]
[WhiteElo "1611"]
[BlackElo "1295"]
[PlyCount "81"]
[EventDate "2018.05.01"]

1. d4 d5 2. c4 c6 3. Nf3 Nf6 4. Nbd2 e6 5. g3 Nbd7 6. Bg2 Bb4 7. O-O O-O 8. Qc2
Re8 9. e4 dxe4 10. Nxe4 Nxe4 11. Qxe4 Nf6 12. Qc2 Be7 13. b3 c5 14. Bb2 cxd4
15. Nxd4 Qb6 16. Rad1 Bd7 17. Nf5 Bc6 18. Nxe7+ Rxe7 19. Bxf6 gxf6 20. Rd6 Qc7
21. Rfd1 Bxg2 22. Kxg2 Kg7 23. R1d4 f5 24. Qd2 f6 25. f3 Rae8 26. b4 Rf7 27. c5
Ree7 28. Qe3 e5 29. Rh4 Kg8 30. Qh6 b6 31. Rxf6 Rxf6 32. Qxf6 bxc5 33. bxc5
Qxc5 34. Qxf5 Qd5 35. Rg4+ Rg7 36. Qc8+ Kf7 37. Qc7+ Ke6 38. Rxg7 Qd2+ 39. Kh3
Qh6+ 40. Kg4 Qf6 41. Qd7# 1-0

[Event "Team BG11 chess final 2018"]
[Site "Sochi"]
[Date "2018.05.09"]
[Round "8.2"]
[White "Litvischenko, Mikhail"]
[Black "Prokudin, Igor"]
[Result "0-1"]
[WhiteElo "1101"]
[BlackElo "1410"]
[PlyCount "100"]
[EventDate "2018.05.01"]

1. e4 c5 2. Nf3 Nc6 3. Bc4 g6 4. O-O Bg7 5. Nc3 Nf6 6. d3 O-O 7. Be3 d6 8. h3
Nd7 9. Bb3 Nde5 10. Nxe5 Nxe5 11. d4 cxd4 12. Bxd4 Nc6 13. Bxg7 Kxg7 14. f4 Bd7
15. f5 Rc8 16. fxg6 hxg6 17. Rf3 a6 18. Qf1 Ne5 19. Rg3 b5 20. Nd5 a5 21. c3
Bc6 22. Qf4 e6 23. Ne3 Qb6 24. Qf2 Qd8 25. Bc2 Bb7 26. h4 Qxh4 27. Rf1 Rh8 28.
Rh3 Qxf2+ 29. Rxf2 Rxh3 30. gxh3 Nc4 31. Nxc4 Rxc4 32. Bd3 Rc5 33. Rc2 Re5 34.
Re2 Bc6 35. a3 Rg5+ 36. Kh2 Kf8 37. b4 axb4 38. cxb4 Ke7 39. Rf2 Re5 40. Re2 d5
41. exd5 Rxe2+ 42. Bxe2 exd5 43. Kg3 Kf6 44. Kf4 g5+ 45. Kg4 Bd7+ 46. Kg3 Ke5
47. Bg4 Bxg4 48. hxg4 f5 49. gxf5 Kxf5 50. Kf3 g4+ 0-1

[Event "Team BG11 chess final 2018"]
[Site "Sochi"]
[Date "2018.05.10"]
[Round "9.1"]
[White "Antonov, Vladimir Vl"]
[Black "Gubarev, Vladislav"]
[Result "1/2-1/2"]
[WhiteElo "1295"]
[BlackElo "1470"]
[PlyCount "83"]
[EventDate "2018.05.01"]

1. c4 Nf6 2. Nc3 g6 3. g3 Bg7 4. Bg2 O-O 5. Nf3 d6 6. O-O Nbd7 7. d4 Rb8 8. Bf4
b6 9. Qd2 Bb7 10. Bh6 c5 11. d5 a6 12. a4 Qc7 13. Bxg7 Kxg7 14. Rfd1 Rfd8 15.
h3 Ne5 16. Nxe5 dxe5 17. Qe3 e6 18. dxe6 Bxg2 19. Kxg2 Qc6+ 20. Kh2 Qxe6 21. b3
Rd4 22. Rd2 Rbd8 23. Rad1 Qd6 24. Nb1 Qe7 25. f3 Ne8 26. Rd3 Rxd3 27. Rxd3 Rd4
28. Nd2 Nf6 29. f4 Nd7 30. Nf3 Rxd3 31. exd3 f6 32. Kg2 Kf7 33. fxe5 Nxe5 34.
Nxe5+ Qxe5 35. Qxe5 fxe5 36. Kf3 Kf6 37. Ke4 Ke6 38. g4 Kd6 39. h4 Ke6 40. g5
a5 41. Ke3 Kf5 42. Kf3 1/2-1/2

[Event "Team BG11 chess final 2018"]
[Site "Sochi"]
[Date "2018.05.10"]
[Round "9.2"]
[White "Karasov, Islam"]
[Black "Litvischenko, Mikhail"]
[Result "1/2-1/2"]
[WhiteElo "1056"]
[BlackElo "1101"]
[PlyCount "124"]
[EventDate "2018.05.01"]

1. e4 c6 2. g3 d5 3. Bg2 dxe4 4. Bxe4 Nf6 5. Bg2 Bf5 6. d3 Nbd7 7. Ne2 g6 8.
O-O Bg7 9. c3 Nb6 10. Bg5 h6 11. Bxf6 Bxf6 12. d4 Qd7 13. Nd2 O-O-O 14. Be4 Bh3
15. Bg2 Bxg2 16. Kxg2 e5 17. Nf3 e4 18. Nd2 Rde8 19. Qc2 e3 20. fxe3 Bg5 21. e4
Bxd2 22. Qxd2 Rxe4 23. Qd3 Ree8 24. Rae1 Qd5+ 25. Qf3 Qxf3+ 26. Rxf3 Re7 27.
Kf2 Rhe8 28. b3 f5 29. Rd3 Nd5 30. Rdd1 Ne3 31. Rd2 Ng4+ 32. Kg2 Ne3+ 33. Kf3
Ng4 34. h3 Nf6 35. Rdd1 Re3+ 36. Kf2 Nh5 37. Nf4 Rxe1 38. Rxe1 Rxe1 39. Kxe1
Nxg3 40. Nxg6 Kd7 41. Ne5+ Ke6 42. h4 c5 43. Kd2 cxd4 44. cxd4 f4 45. Kd3 Nf5
46. Ke4 Nxh4 47. Kxf4 Nf5 48. Ke4 Nd6+ 49. Kf4 Nf5 50. Ng4 Nxd4 51. Nxh6 Kd5
52. Ke3 Kc5 53. Kd3 Nc6 54. Kc3 b5 55. Nf5 b4+ 56. Kd3 a5 57. Ne3 Nd4 58. Nc4
Nc6 59. Ke4 Kb5 60. Kd5 Ne7+ 61. Kd6 Nf5+ 62. Ke5 Ne7 1/2-1/2

[Event "Team BG11 chess final 2018"]
[Site "Sochi"]
[Date "2018.05.10"]
[Round "9.1"]
[White "Shvedova, Alexandra"]
[Black "Otdelnov, Kirill"]
[Result "1/2-1/2"]
[WhiteElo "1691"]
[BlackElo "1611"]
[PlyCount "81"]
[EventDate "2018.05.01"]

1. e4 c6 2. d4 d5 3. Nc3 dxe4 4. Nxe4 Nd7 5. Bc4 Ndf6 6. Ng5 Nd5 7. N1f3 e6 8.
O-O Bd6 9. Bd3 Ngf6 10. c4 Nb4 11. Bb1 O-O 12. a3 Na6 13. b4 Nc7 14. Qd3 g6 15.
Ne4 Nxe4 16. Qxe4 Be7 17. Bb2 Bf6 18. Ne5 a5 19. Bc2 Bg7 20. Bc3 axb4 21. axb4
Rxa1 22. Rxa1 Qe7 23. Qe1 f6 24. Nd3 Re8 25. Bb3 e5 26. dxe5 fxe5 27. Nc5 Ne6
28. Nxe6 Bxe6 29. Qe3 Bf7 30. Ra7 Rd8 31. Qe2 h6 32. Ra1 Qe6 33. Rb1 Re8 34.
Qd1 Qe7 35. Qe2 Rd8 36. Bc2 Qe6 37. Bb3 Qf5 38. Bc2 Qf4 39. Bb3 Kh7 40. Re1 Re8
41. Rd1 1/2-1/2

[Event "Team BG11 chess final 2018"]
[Site "Sochi"]
[Date "2018.05.10"]
[Round "9.2"]
[White "Prokudin, Igor"]
[Black "Fedorova, Olesya"]
[Result "1-0"]
[WhiteElo "1410"]
[BlackElo "1455"]
[PlyCount "83"]
[EventDate "2018.05.01"]

1. c4 e5 2. Nc3 Nf6 3. g3 d5 4. cxd5 Nxd5 5. Bg2 Nxc3 6. bxc3 Bd6 7. Nf3 O-O 8.
O-O Nc6 9. d4 exd4 10. cxd4 Bb4 11. Bb2 Qd6 12. e4 Ba3 13. Qb3 Bxb2 14. Qxb2
Bg4 15. Rfd1 Na5 16. Rac1 a6 17. Qc3 Nc6 18. d5 Bxf3 19. Bxf3 Ne5 20. Bg2 f6
21. Qxc7 Qxc7 22. Rxc7 Rf7 23. Rxf7 Kxf7 24. f4 Nd7 25. Rc1 Ke7 26. Kf2 b6 27.
Rc6 Kd8 28. Ke3 Rb8 29. Kd4 Nc5 30. e5 fxe5+ 31. fxe5 Ke7 32. Rc7+ Kf8 33. Bh3
Rd8 34. Rc8 Rxc8 35. Bxc8 Ke8 36. d6 Kd8 37. Bh3 h5 38. Bf5 g5 39. e6 h4 40.
e7+ Ke8 41. Bg6+ Kd7 42. e8=Q+ 1-0

[Event "Team BG11 chess final 2018"]
[Site "Sochi"]
[Date "2018.05.10"]
[Round "9.3"]
[White "Mikhailina, Olga"]
[Black "Otdelnov, Viktor"]
[Result "1/2-1/2"]
[WhiteElo "1260"]
[BlackElo "1427"]
[PlyCount "103"]
[EventDate "2018.05.01"]

1. e4 e6 2. d4 d5 3. Nc3 dxe4 4. Nxe4 Nd7 5. Nf3 Ndf6 6. Bd3 Nxe4 7. Bxe4 Nf6
8. Qe2 Nxe4 9. Qxe4 Qd5 10. Qxd5 exd5 11. O-O Bd6 12. Re1+ Kf8 13. Bd2 Bf5 14.
c3 Re8 15. h3 f6 16. Nh4 Be4 17. g3 Kf7 18. Ng2 f5 19. Bf4 Bxf4 20. Nxf4 g5 21.
Ng2 Re7 22. Re3 Bxg2 23. Rxe7+ Kxe7 24. Kxg2 Kf6 25. Re1 b6 26. Re5 Rd8 27. Kf3
c5 28. Ke3 c4 29. f4 h6 30. Kf3 b5 31. a3 a5 32. Ke3 Rd6 33. Kf3 Rd8 34. Ke3
Rd6 35. Re8 b4 36. Rb8 bxc3 37. bxc3 a4 38. Rb4 Ra6 39. Kf3 Ra5 40. Rb6+ Kg7
41. fxg5 hxg5 42. h4 gxh4 43. gxh4 Ra7 44. Kf4 Re7 45. Ra6 Re4+ 46. Kxf5 Rxh4
47. Ra7+ Kh6 48. Rxa4 Kg7 49. Kg5 Rh1 50. Ra7+ Kg8 51. Ra8+ Kf7 52. Ra7+
1/2-1/2

[Event "Team BG11 chess final 2018"]
[Site "Sochi"]
[Date "2018.05.10"]
[Round "9.4"]
[White "Vlasova, Olesia"]
[Black "Kusakina, Uliana"]
[Result "1-0"]
[WhiteElo "1607"]
[BlackElo "1346"]
[PlyCount "67"]
[EventDate "2018.05.01"]

1. c4 e6 2. g3 Nf6 3. Bg2 d5 4. Nf3 Nc6 5. O-O Bd6 6. a3 a5 7. d4 dxc4 8. Qa4
O-O 9. Qxc4 h6 10. Nc3 Ne7 11. e4 b6 12. Qb3 c5 13. e5 cxd4 14. exd6 Qxd6 15.
Nxd4 Qxd4 16. Bxa8 Ba6 17. Rd1 Qc5 18. Ne4 Nxe4 19. Bxe4 Bc4 20. Qc3 Qb5 21. a4
Qa6 22. b3 Be2 23. Bb2 f6 24. Rd7 Rc8 25. Qd2 Kf7 26. Ba3 Re8 27. Qd6 f5 28.
Rxe7+ Rxe7 29. Qxe7+ Kg8 30. Qxe6+ Kh8 31. Qe8+ Kh7 32. Bxf5+ g6 33. Qxg6+ Kh8
34. Bb2# 1-0

[Event "Team BG11 chess final 2018"]
[Site "Sochi"]
[Date "2018.05.10"]
[Round "9.2"]
[White "Zverev, Lev"]
[Black "Maltseva, Aleksandra"]
[Result "1-0"]
[WhiteElo "1756"]
[BlackElo "1153"]
[PlyCount "77"]
[EventDate "2018.05.01"]

1. e4 e5 2. Nf3 Nc6 3. Bb5 a6 4. Ba4 Nf6 5. d3 b5 6. Bb3 Bc5 7. O-O d6 8. c3
Ba7 9. Nbd2 Bg4 10. Re1 O-O 11. h3 Bh5 12. Nf1 h6 13. Ng3 Bg6 14. Be3 Nh5 15.
Bd5 Qd7 16. Bxc6 Qxc6 17. Nxe5 dxe5 18. Nxh5 Bxh5 19. Qxh5 Qd6 20. Rad1 c5 21.
a3 a5 22. Rd2 Rfd8 23. Red1 Qf6 24. g3 Bb6 25. f4 exf4 26. gxf4 Qe7 27. Rg2 Kf8
28. f5 Qf6 29. Bf4 c4+ 30. d4 Qc6 31. e5 Qe4 32. Rxg7 Kxg7 33. Qxh6+ Kg8 34.
Rd2 Qe1+ 35. Kh2 Qxd2+ 36. Bxd2 f6 37. Qg6+ Kf8 38. Qxf6+ Ke8 39. Qe6+ 1-0

[Event "Team BG11 chess final 2018"]
[Site "Sochi"]
[Date "2018.05.10"]
[Round "9.3"]
[White "Khusneeva, Alina"]
[Black "Anisimov, Yuri"]
[Result "0-1"]
[WhiteElo "1257"]
[BlackElo "1631"]
[PlyCount "82"]
[EventDate "2018.05.01"]

1. e4 c6 2. Nc3 d5 3. Nf3 Bg4 4. h3 Bxf3 5. Qxf3 e6 6. d3 Bb4 7. Bd2 Ne7 8. g4
Ng6 9. O-O-O d4 10. Ne2 Bxd2+ 11. Rxd2 e5 12. Rd1 Nd7 13. Ng3 Nc5 14. Nf5 Ne6
15. Kb1 Ngf4 16. h4 h6 17. Bg2 g6 18. Ng3 Qc7 19. Bh3 g5 20. h5 Nc5 21. Bg2 Qb6
22. Nf5 Kd7 23. Ka1 Na4 24. Rb1 c5 25. Bf1 Qb4 26. Qd1 Rac8 27. a3 Qa5 28. Ng7
Qa6 29. Nf5 Nc3 30. Qc1 Nxb1 31. Qxb1 b5 32. Qa2 Qe6 33. Qb1 Rc6 34. Rg1 Rb8
35. Ng7 Qf6 36. Nf5 Ra6 37. Qc1 b4 38. Rh1 bxa3 39. bxa3 Qb6 40. Ka2 Rxa3+ 41.
Qxa3 Qb1# 0-1

[Event "Team BG11 chess final 2018"]
[Site "Sochi"]
[Date "2018.05.10"]
[Round "9.1"]
[White "Kolesov, Gordey"]
[Black "Yaurov, Egor"]
[Result "1-0"]
[WhiteElo "1825"]
[BlackElo "1921"]
[PlyCount "121"]
[EventDate "2018.05.01"]

1. d4 d5 2. c4 e6 3. Nc3 a6 4. cxd5 exd5 5. Qb3 c6 6. e4 Nf6 7. Bg5 Be7 8. e5
Nfd7 9. Be3 b5 10. Nf3 Nb6 11. Bd3 Be6 12. Qc2 a5 13. O-O Na6 14. a3 Nc4 15.
Ne2 Nc7 16. Nf4 Qd7 17. Nxe6 Nxe6 18. a4 h6 19. Bc1 O-O 20. b3 Nb6 21. Be3 b4
22. Rac1 Rac8 23. Qd2 f5 24. exf6 Bxf6 25. Qc2 Qd6 26. Ne5 Bxe5 27. dxe5 Qd8
28. Bf5 Re8 29. Qe2 d4 30. Qg4 Qd5 31. Bxh6 Rc7 32. Qg6 Rf7 33. Qh7+ Kf8 34.
Bg6 Nd8 35. Bg5 Rfe7 36. Qh8+ Qg8 37. Qxg8+ Kxg8 38. Bxe8 Rxe8 39. Bxd8 Rxd8
40. Rxc6 Nd5 41. Rd6 Rxd6 42. exd6 Kf7 43. Rd1 Ke6 44. Rxd4 Kxd6 45. h4 Ke5 46.
Rc4 Nc3 47. g4 Kd5 48. h5 Nxa4 49. Rc8 Nc5 50. g5 Nxb3 51. h6 gxh6 52. gxh6 a4
53. h7 a3 54. h8=Q a2 55. Qd8+ Ke4 56. Rc4+ Ke5 57. Qe7+ Kd5 58. Qe4+ Kd6 59.
Rc6+ Kd7 60. Qe6+ Kd8 61. Rc8# 1-0

[Event "Team BG11 chess final 2018"]
[Site "Sochi"]
[Date "2018.05.10"]
[Round "9.2"]
[White "Fomin, Nikita"]
[Black "Iakushkov, Pavel"]
[Result "1/2-1/2"]
[WhiteElo "1565"]
[BlackElo "1554"]
[PlyCount "108"]
[EventDate "2018.05.01"]

1. e4 e5 2. Nf3 Nc6 3. Bb5 a6 4. Ba4 Nf6 5. O-O b5 6. Bb3 Bc5 7. a4 Bb7 8. Nxe5
Nxe5 9. d4 Bxd4 10. Qxd4 d6 11. f4 Ng6 12. e5 dxe5 13. Qxd8+ Rxd8 14. fxe5 Nxe5
15. Bg5 O-O 16. Bxf6 gxf6 17. Rxf6 Ng4 18. Rf4 Rd1+ 19. Rf1 Rxf1+ 20. Kxf1
Nxh2+ 21. Kg1 Ng4 22. axb5 axb5 23. Nc3 c6 24. Ra7 Ra8 25. Bxf7+ Kxf7 26. Rxb7+
Ke6 27. Kf1 Ne3+ 28. Ke2 Nxc2 29. Rxh7 b4 30. Rh6+ Kf5 31. Kd2 Nd4 32. Nd1 Rd8
33. Nf2 c5 34. Rh5+ Kg6 35. g4 c4 36. Ne4 Nf5+ 37. Ke1 Re8 38. Rxf5 Rxe4+ 39.
Kd2 Rxg4 40. Rb5 Rg2+ 41. Kc1 b3 42. Rc5 Rc2+ 43. Kb1 Kf6 44. Rc8 Ke6 45. Rc7
Kd5 46. Rc8 Kd6 47. Rh8 Rg2 48. Rh1 Kc5 49. Rd1 Kb4 50. Rh1 Kc5 51. Rd1 Re2 52.
Kc1 Kb4 53. Rh1 Rc2+ 54. Kb1 Rd2 1/2-1/2